000 00537nam a2200169 i 4500
001 35576
003 ES-MaACL
005 20230906155144.0
007 t|
008 030213s1967 sp ||||1| spa d
100 1 _aBoud, John Kendal.
_930848
245 1 0 _aTécnica moderna de iluminación del hogar /
_cJohn Kendal Boud ; traducido por José Miguel Fernández.
260 _aMadrid :
_bParaninfo,
_c1967.
300 _a263 p., 22 lám. ;
_c22 cm.
700 1 _aFernández, José Miguel.
_949386
852 _aES-MaACL
_jC-34387
_bR.64011
999 _c35576
_d35576